000 01012nam a22002535i 4500
001 175217
003 ES-MaACL
005 20250814225826.0
008 101014s1970 sp |||| | spa d
080 _a37.015.3
100 0 _aBrueckner, Leo J.
_932067
245 1 0 _aDiágnostico y tratamiento de las dificultades en el aprendizaje /
_cLeo J. Brueckner, Guy L. Bond ; [traducción de Arturo de la Orden].
250 _a3ª ed.
260 _aMadrid [etc.] :
_bRialp,
_cimp. 1970.
300 _a509 p. ;
_c24 cm.
490 1 _aBiblioteca de Educación y Ciencias Sociales. Serie Técnicas y estudios experimentales ;
_v2
594 _aTít. original: The diagnosis and treatment of learning difficulties.
650 0 4 _aTrastornos de aprendizaje.
_9143610
700 1 _aBond, Guy Loraine.
_9143611
700 0 _aOrden Hoz, Arturo de la.
_987178
830 0 0 _aBiblioteca de educación y ciencias sociales
_v2
_9231016
852 _aES-MaACL
_jE-13381
_xOlim P-478-Ter
999 _c175217
_d175217